000 00868cam a22002054a 4500
005 20250605164017.0
008 250528s ||||||||||||||||||||||||d
035 _a16202
020 _a72111452
040 _aGR-AtMCL
_bgre
_dGR-AtMCL
_eAACR2
245 1 _aMoon Rocks
250 _a1st
260 _bThe Dial Press,
_c1970
300 _a200
520 _aAuthors Note, Some Conclusions: Washington and September 15 - 1969, Previews: June 25-July 20 - 1969, On the Moon: July 20 - 1969, Preparations: July 20-July 1969, The First Rocks: July 24-July 25, P.E.T. Work I: July 26-August 10, P.E.T. Work II: August 10-September 30, Scattering: September 15-September 20, Interlude: Appolo 12 - October 28-December 5, The Moon in Houston: January 5-January 8 - 1970, Appendix.
700 1 _aCooper Henry S.F
_92277
942 _cBK
999 _c1733
_d1733